00433nam a2200157Ia 4500008004100000020001800041082001200059100001700071245001900088250000800107260007000115300003100185500001900216600002000235650002000255240925s9999 xx 000 0 und d a9789339221843 a339 DWI aDwivedi, D N 0aMacroeconomics a4th aNew Delhi:bMcGraw Hill Education (India) Private Limitedc,2016. aVarious pagesb0fOriginal aIncludes Index aSocial Sciences aSocial Sciences